[Event "49th POL-ch (w)"]
[Site "Cisna POL"]
[Date "1997.??.??"]
[Round "1"]
[White "Zielinska, Jolanta"]
[Black "Bobrowska, Monika"]
[Result "1/2-1/2"]
[WhiteElo "2115"]
[BlackElo "2385"]
[EventDate "1997.03.06"]
[PlyCount "122"]

1.c4 d6 2.Nc3 e5 3.g3 Nf6 4.Bg2 Nc6 5.d3 g6 6.Nf3 Bg7 7.O-O O-O 8.Rb1 a5 
9.a3 h6 10.b4 axb4 11.axb4 Be6 12.Nd2 Qd7 13.b5 Nd8 14.Qc2 Bh3 15.Nde4 
Nxe4 16.Nxe4 Bxg2 17.Kxg2 f5 18.Nc3 f4 19.d4 Ne6 20.Qxg6 Ng5 21.Qh5 Qf5 
22.f3 Qc2 23.gxf4 Ne6 24.Qg4 Rae8 25.f5 Rxf5 26.Ne4 Ref8 27.Bxh6 Qxe2+ 28.
Kh1 Qxc4 29.Rg1 R8f7 30.Ra1 Rf4 31.Ra8+ Rf8 32.Rxf8+ Kxf8 33.Bxg7+ Ke7 34.
Qg6 Qxb5 35.Bf6+ Kd7 36.Qf7+ Kc6 37.Qxe6 exd4 38.Qe8+ Kb6 39.Qxb5+ Kxb5 
40.Bxd4 d5 41.Nc3+ Kc4 42.Ne2 Rxf3 43.Be5 Re3 44.Rc1+ Kd3 45.Nf4+ Kd2 46.
Rxc7 Rxe5 47.Rd7 d4 48.Rxd4+ Ke3 49.Rb4 Kf3 50.Ng2 b5 51.Kg1 Ke2 52.Rb2+ 
Kd3 53.Kf2 Kc3 54.Re2 Rf5+ 55.Kg3 b4 56.h4 Rb5 57.Ne3 Kd3 58.Kf3 Rb8 59.
Nf5 b3 60.Re3+ Kd2 61.Re2+ Kd3 1/2-1/2

[Event "49th POL-ch (w)"]
[Site "Cisna POL"]
[Date "1997.??.??"]
[Round "1"]
[White "Dworakowska, Joanna"]
[Black "Kludacz, Magdalena"]
[Result "1-0"]
[WhiteElo "2285"]
[BlackElo "2180"]
[EventDate "1997.03.06"]
[PlyCount "71"]

1.e4 e6 2.d4 d5 3.Nc3 Bb4 4.e5 Qd7 5.Bd2 b6 6.Qg4 f5 7.Qh5+ g6 8.Qd1 Ba6 
9.Bxa6 Nxa6 10.Nf3 Nb8 11.h4 h6 12.Ne2 Bf8 13.Nf4 Ne7 14.Bb4 Nbc6 15.Ba3 
Rg8 16.Qd3 Na5 17.b3 O-O-O 18.O-O-O Nec6 19.Bxf8 Rdxf8 20.Kb2 Kb8 21.a3 
Ne7 22.Nd2 Re8 23.Qa6 Nec6 24.b4 Nb7 25.Nb3 Ka8 26.Qe2 Nbd8 27.Ra1 Qe7 28.
Qa6 Nb7 29.Qe2 Ncd8 30.Nd3 Nc6 31.c3 Kb8 32.Nf4 g5 33.hxg5 hxg5 34.Nh5 Rh8
35.Nf6 Rd8 36.Qb5 1-0

[Event "49th POL-ch (w)"]
[Site "Cisna POL"]
[Date "1997.??.??"]
[Round "1"]
[White "Szczygiel, Agnieszka"]
[Black "Grabarska, Barbara"]
[Result "1/2-1/2"]
[WhiteElo "2085"]
[BlackElo "2135"]
[EventDate "1997.03.06"]
[PlyCount "40"]

1.e4 e5 2.Nf3 Nc6 3.Bb5 a6 4.Ba4 Nf6 5.O-O Be7 6.Bxc6 dxc6 7.d3 Qd6 8.b3 
Bg4 9.Nbd2 Nd7 10.Bb2 Qg6 11.Bxe5 Bg5 12.Bg3 h5 13.h4 Bxd2 14.Qxd2 Bxf3 
15.gxf3 Qf6 16.f4 O-O-O 17.f5 Ne5 18.Qf4 Rhe8 19.Rad1 c5 20.c3 Qb6 1/2-1/2

[Event "49th POL-ch (w)"]
[Site "Cisna POL"]
[Date "1997.??.??"]
[Round "1"]
[White "Dabrowska, Krystyna"]
[Black "Aksiuczyc, Monika"]
[Result "0-1"]
[WhiteElo "2250"]
[BlackElo "2165"]
[EventDate "1997.03.06"]
[PlyCount "82"]

1.e4 c5 2.Nf3 Nc6 3.d4 cxd4 4.Nxd4 Nf6 5.Nc3 e5 6.Ndb5 d6 7.Bg5 a6 8.Na3 
b5 9.Bxf6 gxf6 10.Nd5 f5 11.Bd3 Be6 12.O-O Bxd5 13.exd5 Ne7 14.c4 e4 15.
Be2 Bg7 16.Qd2 bxc4 17.Nxc4 O-O 18.Rad1 Rb8 19.Qf4 Rb5 20.Rd2 Rxd5 21.Rxd5
Nxd5 22.Qxd6 Qa8 23.Rd1 Rd8 24.Qg3 Qc8 25.Qg5 f6 26.Qg3 Kh8 27.Qb3 f4 28.
Na5 f3 29.gxf3 Nf4 30.Bxa6 Nh3+ 31.Kg2 Nf4+ 32.Kh1 Rxd1+ 33.Qxd1 Qg8 34.
Nc6 Bf8 35.Bf1 Qxa2 36.Qd4 Qb1 37.Qxf6+ Kg8 38.Kg1 Ne2+ 39.Kg2 exf3+ 40.
Qxf3 Qg6+ 41.Kh1 Qg1# 0-1

[Event "49th POL-ch (w)"]
[Site "Cisna POL"]
[Date "1997.??.??"]
[Round "1"]
[White "Blimke, Dalia"]
[Black "Radziewicz, Iweta"]
[Result "1-0"]
[WhiteElo "2105"]
[BlackElo "2220"]
[EventDate "1997.03.06"]
[PlyCount "95"]

1.e4 e6 2.d4 d5 3.Nc3 dxe4 4.Nxe4 Bd7 5.Nf3 Bc6 6.Bd3 Nd7 7.O-O Be7 8.Qe2 
Ngf6 9.c3 Nxe4 10.Bxe4 Bxe4 11.Qxe4 c6 12.Bf4 O-O 13.Rfe1 Qb6 14.Qe2 Rad8 
15.Rad1 c5 16.d5 Bf6 17.dxe6 Qxe6 18.Qxe6 fxe6 19.Bc7 Kf7 20.Bxd8 Rxd8 21.
Ne5+ Nxe5 22.Rxd8 Nf3+ 23.gxf3 Bxd8 24.Rd1 Ke7 25.Kf1 b5 26.Ke2 Bc7 27.h3 
a5 28.Ke3 g5 29.Ke4 a4 30.Rh1 h6 31.c4 b4 32.b3 a3 33.h4 Bf4 34.hxg5 hxg5 
35.Rh7+ Kd6 36.Rf7 Bd2 37.f4 gxf4 38.Rxf4 Bc3 39.Rh4 Be1 40.Rh2 Bc3 41.f4 
Ke7 42.Rh7+ Kd6 43.Rh6 Ke7 44.f5 Bf6 45.fxe6 Kxe6 46.Rxf6+ Kxf6 47.Kd5 Kf5
48.Kxc5 1-0

[Event "49th POL-ch (w)"]
[Site "Cisna POL"]
[Date "1997.??.??"]
[Round "1"]
[White "Romaszko, Sylwia"]
[Black "Bartosik-Wisniewska, Olimpia"]
[Result "1-0"]
[WhiteElo "2065"]
[BlackElo "2130"]
[EventDate "1997.03.06"]
[PlyCount "49"]

1.d4 d5 2.c4 c6 3.Nc3 Nf6 4.e3 e6 5.Nf3 Nbd7 6.Bd3 dxc4 7.Bxc4 b5 8.Bd3 
Bb7 9.O-O a6 10.e4 c5 11.d5 Qb6 12.dxe6 fxe6 13.e5 Ng4 14.Qe2 Be7 15.Be4 
O-O-O 16.Bxb7+ Qxb7 17.Bg5 Bxg5 18.Nxg5 Ngxe5 19.f4 h6 20.Nxe6 Rde8 21.
Nxg7 Reg8 22.Nf5 Nf7 23.Ne7+ Kb8 24.Nxg8 Rxg8 25.Qf3 1-0

[Event "49th POL-ch (w)"]
[Site "Cisna POL"]
[Date "1997.??.??"]
[Round "2"]
[White "Kludacz, Magdalena"]
[Black "Iwaniuk, Dorota"]
[Result "1-0"]
[WhiteElo "2180"]
[BlackElo "2160"]
[EventDate "1997.03.06"]
[PlyCount "64"]

1.d4 Nf6 2.c4 e6 3.Nf3 Bb4+ 4.Bd2 Qe7 5.g3 Nc6 6.Bg2 Bxd2+ 7.Nbxd2 d6 8.
O-O O-O 9.e4 e5 10.d5 Nb8 11.b4 a5 12.a3 Na6 13.Qb3 Ne8 14.Qc3 f5 15.exf5 
Bxf5 16.Nh4 Bg4 17.Rae1 Qd7 18.Ne4 h6 19.f4 exf4 20.Ng6 Rf7 21.Rxf4 Bf5 
22.Nh4 Bh7 23.Rxf7 Qxf7 24.Bh3 Kh8 25.Be6 Qh5 26.Rf1 Bg8 27.Rf5 Qd1+ 28.
Kg2 Qe2+ 29.Nf2 axb4 30.Rf8 Kh7 31.axb4 Nxb4 32.Nf5 Ra3 1-0

[Event "49th POL-ch (w)"]
[Site "Cisna POL"]
[Date "1997.??.??"]
[Round "2"]
[White "Bartosik-Wisniewska, Olimpia"]
[Black "Zielinska, Jolanta"]
[Result "0-1"]
[WhiteElo "2130"]
[BlackElo "2115"]
[EventDate "1997.03.06"]
[PlyCount "72"]

1.e4 e5 2.Nf3 Nf6 3.Nxe5 d6 4.Nf3 Nxe4 5.d4 d5 6.Bd3 Be7 7.O-O Nc6 8.c4 
Nf6 9.Nc3 O-O 10.h3 Nb4 11.Be2 dxc4 12.Bxc4 c6 13.a3 Nbd5 14.Qc2 Nxc3 15.
bxc3 Nd5 16.Bd3 g6 17.Bh6 Re8 18.c4 Nb6 19.Rfe1 Bf6 20.Rxe8+ Qxe8 21.Re1 
Qd8 22.a4 Be6 23.a5 Nd7 24.Bd2 Nf8 25.Bc3 Bg7 26.Qb2 b6 27.Ra1 Rb8 28.axb6
axb6 29.Nd2 b5 30.cxb5 cxb5 31.Qb4 Bd5 32.Bb2 Ne6 33.Rd1 Bf8 34.Qc3 Rc8 
35.Bxb5 Rxc3 36.Bxc3 Qg5 0-1

[Event "49th POL-ch (w)"]
[Site "Cisna POL"]
[Date "1997.??.??"]
[Round "2"]
[White "Grabarska, Barbara"]
[Black "Dworakowska, Joanna"]
[Result "1-0"]
[WhiteElo "2135"]
[BlackElo "2285"]
[EventDate "1997.03.06"]
[PlyCount "63"]

1.e4 c5 2.Nf3 d6 3.d4 cxd4 4.Nxd4 Nf6 5.Nc3 a6 6.Be3 e5 7.Nf3 Qc7 8.a4 Be7
9.a5 O-O 10.Be2 Nc6 11.Bb6 Qd7 12.Nd2 d5 13.exd5 Nxd5 14.Nxd5 Qxd5 15.O-O 
Bf5 16.Nc4 Qxd1 17.Rfxd1 Bxc2 18.Rd7 Bf6 19.Ne3 Be4 20.f3 Bg6 21.Rxb7 Nd4 
22.Bc4 Rfc8 23.b3 Nb5 24.Rd1 Rab8 25.Rxb8 Rxb8 26.Nd5 e4 27.Bxb5 axb5 28.
a6 exf3 29.gxf3 Bc2 30.a7 Rf8 31.Nxf6+ gxf6 32.Rd8 1-0

[Event "49th POL-ch (w)"]
[Site "Cisna POL"]
[Date "1997.??.??"]
[Round "2"]
[White "Aksiuczyc, Monika"]
[Black "Szczygiel, Agnieszka"]
[Result "1-0"]
[WhiteElo "2165"]
[BlackElo "2085"]
[EventDate "1997.03.06"]
[PlyCount "61"]

1.c4 e5 2.Nc3 d6 3.g3 Nc6 4.Bg2 g6 5.e3 Bg7 6.Nge2 Be6 7.d4 Bxc4 8.d5 Bxe2
9.Qxe2 Nb8 10.Qb5+ Nd7 11.Qxb7 Qb8 12.Qa6 Ne7 13.e4 O-O 14.O-O h6 15.Be3 
f5 16.Nb5 f4 17.Bh3 Qd8 18.gxf4 exf4 19.Bd4 Ne5 20.f3 Kh7 21.Rac1 Ng8 22.
Bxe5 Qg5+ 23.Kh1 Qxe5 24.Rxc7 Qxb2 25.Nxd6 Rab8 26.Nc4 Qc3 27.e5 Qd4 28.
Rg1 g5 29.Qe6 Rbd8 30.Bf5+ Kh8 31.Qg6 1-0

[Event "49th POL-ch (w)"]
[Site "Cisna POL"]
[Date "1997.??.??"]
[Round "2"]
[White "Bobrowska, Monika"]
[Black "Blimke, Dalia"]
[Result "1/2-1/2"]
[WhiteElo "2385"]
[BlackElo "2105"]
[EventDate "1997.03.06"]
[PlyCount "73"]

1.d4 Nf6 2.Nf3 g6 3.c4 Bg7 4.Nc3 O-O 5.e4 d6 6.Be2 e5 7.d5 a5 8.Bg5 h6 9.
Bh4 Na6 10.Nd2 Bd7 11.a3 Qe8 12.b3 Nh7 13.O-O h5 14.f3 Bh6 15.Rb1 Be3+ 16.
Kh1 f5 17.exf5 gxf5 18.f4 exf4 19.b4 axb4 20.axb4 Nf6 21.Nf3 Qg6 22.Ne1 
Qg7 23.Bxf6 Rxf6 24.Qc2 Rg6 25.Bf3 h4 26.h3 Kh8 27.Nd3 Rg8 28.Nd1 Ba4 29.
Qb2 Bxd1 30.Qxg7+ R6xg7 31.Rfxd1 Nb8 32.c5 Nd7 33.cxd6 cxd6 34.Rb2 Rc8 35.
Ra2 Nb6 36.Ne1 Rc4 37.Rb1 1/2-1/2

[Event "49th POL-ch (w)"]
[Site "Cisna POL"]
[Date "1997.??.??"]
[Round "2"]
[White "Radziewicz, Iweta"]
[Black "Dabrowska, Krystyna"]
[Result "1/2-1/2"]
[WhiteElo "2220"]
[BlackElo "2250"]
[EventDate "1997.03.06"]
[PlyCount "57"]

1.d4 Nf6 2.Bg5 e6 3.Nc3 h6 4.Bxf6 Qxf6 5.e4 Bb4 6.Nf3 d6 7.Qd2 Nc6 8.a3 
Ba5 9.Rd1 O-O 10.Be2 Re8 11.O-O e5 12.b4 Bb6 13.Nd5 Qg6 14.Nxb6 axb6 15.d5
Ne7 16.Qc3 Qxe4 17.Bd3 Qf4 18.Bb5 c6 19.dxc6 bxc6 20.Bxc6 Nxc6 21.Qxc6 Bg4
22.Rxd6 Rec8 23.Qd5 Bxf3 24.Qxf3 Qxf3 25.gxf3 Rxa3 26.Rc1 Rc4 27.c3 Raxc3 
28.Rxc3 Rxc3 29.Kg2 1/2-1/2

[Event "49th POL-ch (w)"]
[Site "Cisna POL"]
[Date "1997.??.??"]
[Round "3"]
[White "Kludacz, Magdalena"]
[Black "Szczygiel, Agnieszka"]
[Result "1/2-1/2"]
[WhiteElo "2180"]
[BlackElo "2085"]
[EventDate "1997.03.06"]
[PlyCount "48"]

1.d4 Nf6 2.c4 c5 3.d5 e5 4.Nc3 d6 5.e4 Be7 6.Nf3 O-O 7.g3 Ne8 8.Bg2 g6 9.
O-O Ng7 10.Ne1 f5 11.Nd3 Nd7 12.f4 Bf6 13.exf5 Nxf5 14.Ne4 exf4 15.Nxf6+ 
Nxf6 16.Bxf4 Nd4 17.Qd2 Bf5 18.Bg5 Rf7 19.Rf2 Qf8 20.Bxf6 Rxf6 21.Raf1 Qg7
22.Be4 Raf8 23.Bxf5 Rxf5 24.Rxf5 Nxf5 1/2-1/2

[Event "49th POL-ch (w)"]
[Site "Cisna POL"]
[Date "1997.??.??"]
[Round "3"]
[White "Grabarska, Barbara"]
[Black "Dabrowska, Krystyna"]
[Result "1-0"]
[WhiteElo "2135"]
[BlackElo "2250"]
[EventDate "1997.03.06"]
[PlyCount "58"]

1.e4 e5 2.Nf3 Nc6 3.Bb5 g6 4.c3 a6 5.Ba4 d6 6.d4 Bd7 7.O-O Bg7 8.Re1 Nge7 
9.Be3 O-O 10.Nbd2 Kh8 11.dxe5 dxe5 12.Bc5 b6 13.Ba3 h6 14.Nf1 b5 15.Bc2 
Na5 16.Ne3 Re8 17.Qd2 Qc8 18.b4 Nac6 19.Bb3 Be6 20.c4 Rd8 21.Nd5 Qb7 22.
Bb2 Rd7 23.Qe2 Rad8 24.Rad1 bxc4 25.Bxc4 Nxd5 26.exd5 Bxd5 27.Nxe5 Nxe5 
28.Bxe5 Bxg2 29.Bxf7 Bf3 1-0

[Event "49th POL-ch (w)"]
[Site "Cisna POL"]
[Date "1997.??.??"]
[Round "3"]
[White "Bobrowska, Monika"]
[Black "Romaszko, Sylwia"]
[Result "1-0"]
[WhiteElo "2385"]
[BlackElo "2065"]
[EventDate "1997.03.06"]
[PlyCount "45"]

1.d4 f5 2.g3 g6 3.Bg2 Bg7 4.Nf3 Nf6 5.c4 d6 6.d5 Na6 7.O-O O-O 8.Nc3 e5 9.
dxe6 c6 10.Ng5 Qe7 11.Bf4 Ne8 12.Qd2 Be5 13.Rad1 Bxe6 14.Nxe6 Qxe6 15.Bh6 
Rf7 16.e4 Bxc3 17.Qxc3 fxe4 18.Qd4 Nc5 19.Rfe1 Nf6 20.b4 Ncd7 21.Bc1 Ne5 
22.Bf4 Qxc4 23.Bxe5 1-0

[Event "49th POL-ch (w)"]
[Site "Cisna POL"]
[Date "1997.??.??"]
[Round "3"]
[White "Aksiuczyc, Monika"]
[Black "Blimke, Dalia"]
[Result "1-0"]
[WhiteElo "2165"]
[BlackElo "2105"]
[EventDate "1997.03.06"]
[PlyCount "81"]

1.c4 e5 2.Nc3 Nc6 3.g3 g6 4.Bg2 Bg7 5.e3 d6 6.Nge2 Nge7 7.O-O O-O 8.a3 Be6
9.Nd5 Qd7 10.b4 Nd8 11.Bb2 Nc8 12.e4 c6 13.Ne3 f5 14.exf5 gxf5 15.f4 Ne7 
16.d3 Nf7 17.Qc2 Ng6 18.d4 exf4 19.Nxf4 Nxf4 20.Rxf4 Nh6 21.d5 Bxb2 22.
Qxb2 Bf7 23.Raf1 Bg6 24.dxc6 bxc6 25.b5 Rab8 26.Qc3 cxb5 27.Bd5+ Rf7 28.
Bxf7+ Qxf7 29.g4 bxc4 30.gxf5 Bh5 31.Nxc4 Be2 32.Nxd6 Qd7 33.Ne4 Qg7+ 34.
Qxg7+ Kxg7 35.f6+ Kg6 36.Re1 Bd3 37.Nd6 Rf8 38.Re3 Bf5 39.f7 Rd8 40.Nxf5 
Nxf5 41.Rxf5 1-0

[Event "49th POL-ch (w)"]
[Site "Cisna POL"]
[Date "1997.??.??"]
[Round "3"]
[White "Iwaniuk, Dorota"]
[Black "Dworakowska, Joanna"]
[Result "0-1"]
[WhiteElo "2160"]
[BlackElo "2285"]
[EventDate "1997.03.06"]
[PlyCount "86"]

1.e4 d6 2.d4 Nf6 3.Nc3 e5 4.Nge2 Nc6 5.h3 g6 6.Be3 Bg7 7.g3 O-O 8.Bg2 a6 
9.a4 Bd7 10.O-O exd4 11.Nxd4 Re8 12.Kh2 Rb8 13.a5 Ne5 14.Re1 Nc4 15.Qe2 
Nxe3 16.Qxe3 Re5 17.Kg1 c6 18.Nb3 Qc7 19.f4 Re7 20.Rad1 Be6 21.Qd3 Ne8 22.
Ra1 Rd8 23.Nd4 Bc8 24.Kh2 Nf6 25.Nb3 h5 26.Qf3 Rde8 27.Rad1 Bh6 28.Re2 Be6
29.Qf2 Bc4 30.Red2 Bxb3 31.cxb3 Qxa5 32.Rxd6 Bg7 33.e5 Nh7 34.Ne4 Nf8 35.
Bf1 Qb4 36.Ng5 Qxb3 37.Qd4 h4 38.gxh4 Rxe5 39.Bc4 Qc2+ 40.Rd2 Re2+ 41.Kg1 
Qc1+ 42.Rd1 Bxd4+ 43.Rxd4 Re1+ 0-1

[Event "49th POL-ch (w)"]
[Site "Cisna POL"]
[Date "1997.??.??"]
[Round "3"]
[White "Radziewicz, Iweta"]
[Black "Zielinska, Jolanta"]
[Result "0-1"]
[WhiteElo "2220"]
[BlackElo "2115"]
[EventDate "1997.03.06"]
[PlyCount "106"]

1.c4 Nf6 2.Nc3 d5 3.cxd5 Nxd5 4.e4 Nxc3 5.bxc3 g6 6.Ba3 Bg7 7.Nf3 O-O 8.d4
b6 9.Bc4 Bb7 10.O-O c5 11.Re1 Nc6 12.Bd5 e6 13.Bxc6 Bxc6 14.c4 Re8 15.d5 
exd5 16.cxd5 Bb7 17.Rb1 f5 18.exf5 Qxd5 19.fxg6 hxg6 20.Qa4 Bc6 21.Qh4 
Rad8 22.h3 Rxe1+ 23.Rxe1 Re8 24.Rxe8+ Bxe8 25.Qf4 Bc6 26.Qb8+ Bf8 27.Ne1 
Qe4 28.Nf3 Qe2 29.Qg3 Qd3 30.Bb2 Qb1+ 31.Kh2 Bxf3 32.Qe5 Qf5 33.Qh8+ Kf7 
34.gxf3 Qxf3 35.Qh7+ Ke8 36.Qxg6+ Kd7 37.Qg4+ Qxg4 38.hxg4 Bh6 39.Kg3 Bd2 
40.Kf3 c4 41.Ke2 c3 42.Ba3 a5 43.Kd3 b5 44.Bf8 Kc6 45.Be7 b4 46.Kc2 Kb5 
47.g5 Kc4 48.g6 Bh6 49.Bf6 a4 50.g7 b3+ 51.axb3+ axb3+ 52.Kd1 c2+ 53.Ke2 
Bxg7 0-1

[Event "49th POL-ch (w)"]
[Site "Cisna POL"]
[Date "1997.??.??"]
[Round "4"]
[White "Zielinska, Jolanta"]
[Black "Aksiuczyc, Monika"]
[Result "1-0"]
[WhiteElo "2115"]
[BlackElo "2165"]
[EventDate "1997.03.06"]
[PlyCount "79"]

1.c4 Nf6 2.Nc3 g6 3.g3 Bg7 4.Bg2 O-O 5.Nf3 d5 6.cxd5 Nxd5 7.O-O e5 8.Nxd5 
Qxd5 9.d3 Nc6 10.a3 Qd6 11.Ng5 Nd4 12.Ne4 Qe7 13.b4 a5 14.Bg5 f6 15.Bd2 f5
16.Nc5 c6 17.e3 Ne6 18.Rc1 Rd8 19.Qb3 Kh8 20.Na4 Ng5 21.h4 Be6 22.Qc2 Nf7 
23.Nc5 g5 24.hxg5 Nxg5 25.bxa5 Qf7 26.f4 exf4 27.gxf4 Qh5 28.fxg5 Be5 29.
Rf3 Bd5 30.e4 Bh2+ 31.Kf1 fxe4 32.dxe4 Rf8 33.Bc3+ Kg8 34.Bf6 b6 35.Nd7 
Qg4 36.exd5 Qxd7 37.Qxc6 Qxc6 38.dxc6 Rxa5 39.c7 Rc8 40.Bh3 1-0

[Event "49th POL-ch (w)"]
[Site "Cisna POL"]
[Date "1997.??.??"]
[Round "4"]
[White "Szczygiel, Agnieszka"]
[Black "Iwaniuk, Dorota"]
[Result "0-1"]
[WhiteElo "2085"]
[BlackElo "2160"]
[EventDate "1997.03.06"]
[PlyCount "84"]

1.e4 e6 2.d4 d5 3.Nd2 Nf6 4.e5 Nfd7 5.Bd3 c5 6.c3 Nc6 7.Ne2 cxd4 8.cxd4 f6
9.exf6 Nxf6 10.Nf3 Bd6 11.Bf4 Bxf4 12.Nxf4 O-O 13.O-O Ne4 14.Qc1 Qd6 15.
Ne2 Bd7 16.Qe3 Nb4 17.Bxe4 dxe4 18.Ng5 Qe7 19.Rfc1 Nd5 20.Qg3 Nf6 21.Nf4 
Nd5 22.Ne2 Nf6 23.Rc7 h6 24.Nh3 Qb4 25.b3 Rac8 26.Rcc1 Qd2 27.Nhf4 Rxc1+ 
28.Rxc1 Rc8 29.Rf1 Qxa2 30.h3 Qd2 31.Kh2 a5 32.Ra1 b5 33.Qg6 a4 34.bxa4 
bxa4 35.Nh5 Nxh5 36.Qxh5 Rc2 37.Ng3 Qxf2 38.Rb1 Rc3 39.Nxe4 Qf4+ 40.Kh1 
Qxe4 41.Kh2 Rc2 42.Rg1 Bc6 0-1

[Event "49th POL-ch (w)"]
[Site "Cisna POL"]
[Date "1997.??.??"]
[Round "4"]
[White "Romaszko, Sylwia"]
[Black "Radziewicz, Iweta"]
[Result "0-1"]
[WhiteElo "2065"]
[BlackElo "2220"]
[EventDate "1997.03.06"]
[PlyCount "76"]

1.d4 Nf6 2.c4 e6 3.Nc3 Bb4 4.a3 Bxc3+ 5.bxc3 b6 6.f3 Ba6 7.e4 Nc6 8.Qa4 
Na5 9.e5 Ng8 10.Nh3 Ne7 11.Bd3 O-O 12.Nf2 d6 13.f4 Qe8 14.Qc2 Ng6 15.c5 
Bxd3 16.Nxd3 dxc5 17.dxc5 Qc6 18.Be3 Qe4 19.Qe2 Nh4 20.Rg1 Rfd8 21.Rd1 Nf5
22.Bf2 Qc4 23.Qc2 Nb3 24.Rf1 Nxc5 25.Bxc5 bxc5 26.Qd2 Rab8 27.Rf2 Rb3 28.
Nxc5 Rxd2 29.Rfxd2 h5 30.Nxb3 Qxb3 31.Rd3 Qxa3 32.g3 Qc5 33.Ke2 a5 34.h3 
Qc4 35.Kf3 h4 36.g4 Ng3 37.g5 Qe4+ 38.Kg4 Qe2+ 0-1

[Event "49th POL-ch (w)"]
[Site "Cisna POL"]
[Date "1997.??.??"]
[Round "4"]
[White "Blimke, Dalia"]
[Black "Grabarska, Barbara"]
[Result "1-0"]
[WhiteElo "2105"]
[BlackElo "2135"]
[EventDate "1997.03.06"]
[PlyCount "67"]

1.e4 e5 2.Nf3 Nc6 3.Bc4 Bc5 4.d3 Nf6 5.c3 d6 6.O-O O-O 7.Bb3 a6 8.Nbd2 Ba7
9.Re1 Ne7 10.Nf1 Ng6 11.Ng3 c6 12.h3 Be6 13.Bc2 h6 14.Be3 Bxe3 15.fxe3 d5 
16.Kh1 Qd7 17.Kh2 Qc7 18.Qe2 Rad8 19.Rf1 c5 20.Qf2 c4 21.exd5 Bxd5 22.dxc4
Bxf3 23.gxf3 Qxc4 24.Rg1 Nh4 25.Raf1 Rd6 26.Bb3 Qc5 27.Ne4 Nxe4 28.fxe4 
Ng6 29.Bxf7+ Kh8 30.Qg2 Qxe3 31.Bxg6 Rfd8 32.Qf3 Rd2+ 33.Kh1 Qc5 34.Rg5 
1-0

[Event "49th POL-ch (w)"]
[Site "Cisna POL"]
[Date "1997.??.??"]
[Round "5"]
[White "Aksiuczyc, Monika"]
[Black "Romaszko, Sylwia"]
[Result "1/2-1/2"]
[WhiteElo "2165"]
[BlackElo "2065"]
[EventDate "1997.03.06"]
[PlyCount "109"]

1.c4 f5 2.Nc3 g6 3.g3 Bg7 4.Bg2 Nf6 5.e3 d6 6.Nge2 O-O 7.O-O c6 8.b4 Be6 
9.d3 d5 10.Nf4 Bf7 11.cxd5 Nxd5 12.Nfxd5 cxd5 13.d4 Nc6 14.Rb1 Rc8 15.Bd2 
b6 16.Ne2 b5 17.a4 a6 18.axb5 axb5 19.Nc3 Na7 20.Ra1 Rc7 21.Qe2 Qd7 22.Ra5
Rb8 23.Rfa1 e6 24.Qd1 Bf8 25.Qb3 Rbb7 26.Bf1 Be8 27.Nd1 Nc8 28.Nb2 Nd6 29.
Nd3 Nc4 30.R5a2 Ra7 31.Be1 Rxa2 32.Qxa2 Qd8 33.Nc5 Bxc5 34.dxc5 Bc6 35.Bc3
Qd7 36.Qc2 d4 37.Rd1 Qd5 38.e4 Qxe4 39.Qxe4 Bxe4 40.Rxd4 Bd5 41.Bg2 Bxg2 
42.Rd8+ Kf7 43.Rh8 Re7 44.Rxh7+ Ke8 45.Rxe7+ Kxe7 46.Kxg2 e5 47.h4 e4 48.
f3 Ne3+ 49.Kg1 exf3 50.Bd2 Ng4 51.Bf4 Kd7 52.Kf1 Kc6 53.Ke1 Kd5 54.Kf1 Kc6
55.Ke1 1/2-1/2

[Event "49th POL-ch (w)"]
[Site "Cisna POL"]
[Date "1997.??.??"]
[Round "5"]
[White "Kludacz, Magdalena"]
[Black "Blimke, Dalia"]
[Result "0-1"]
[WhiteElo "2180"]
[BlackElo "2105"]
[EventDate "1997.03.06"]
[PlyCount "66"]

1.d4 Nf6 2.c4 g6 3.Nc3 Bg7 4.e4 d6 5.f3 O-O 6.Bg5 c5 7.d5 a6 8.a4 h6 9.Bf4
Nh5 10.Be3 e5 11.Qd2 f5 12.exf5 gxf5 13.O-O-O Qf6 14.Nge2 b5 15.Ng3 Nxg3 
16.hxg3 b4 17.Nb1 f4 18.Bf2 Bf5 19.g4 Bg6 20.Bh4 Qf7 21.Bd3 Nd7 22.Qc2 
Bxd3 23.Qxd3 e4 24.Qxe4 Rae8 25.Qc2 b3 26.Qd2 Nb6 27.Nc3 Nxc4 28.Qd3 Nxb2 
29.Kxb2 Re3 30.Rhe1 Rxd3 31.Rxd3 c4 32.Rdd1 Bxc3+ 33.Kxc3 Qg7+ 0-1

[Event "49th POL-ch (w)"]
[Site "Cisna POL"]
[Date "1997.??.??"]
[Round "5"]
[White "Grabarska, Barbara"]
[Black "Zielinska, Jolanta"]
[Result "1-0"]
[WhiteElo "2135"]
[BlackElo "2115"]
[EventDate "1997.03.06"]
[PlyCount "71"]

1.e4 e5 2.Nf3 Nf6 3.d4 Nxe4 4.Bd3 d5 5.Nxe5 Nd7 6.Nxd7 Bxd7 7.O-O Qh4 8.
Nc3 c6 9.Nxe4 dxe4 10.Bxe4 O-O-O 11.Qf3 Bd6 12.g3 Qh3 13.d5 c5 14.Bf4 Bg4 
15.Qc3 b6 16.Bg2 Qh5 17.Rfe1 Rhg8 18.Bxd6 Rxd6 19.Qe5 Qxe5 20.Rxe5 f6 21.
Re7 Rd7 22.Rae1 Kc7 23.f4 Kd6 24.R7e3 h5 25.c4 g6 26.Kf2 Rgg7 27.Bf3 Bf5 
28.Be4 Bg4 29.Bc2 Rb7 30.f5 b5 31.Re6+ Kd7 32.cxb5 Bxf5 33.Bxf5 gxf5 34.a4
Rb8 35.Rxf6 Rg4 36.d6 1-0

[Event "49th POL-ch (w)"]
[Site "Cisna POL"]
[Date "1997.??.??"]
[Round "5"]
[White "Iwaniuk, Dorota"]
[Black "Dabrowska, Krystyna"]
[Result "0-1"]
[WhiteElo "2160"]
[BlackElo "2250"]
[EventDate "1997.03.06"]
[PlyCount "86"]

1.e4 e5 2.Nf3 d6 3.d4 exd4 4.Nxd4 g6 5.Bc4 Bg7 6.O-O Nf6 7.Nc3 O-O 8.Bg5 
h6 9.Bh4 Nc6 10.Nxc6 bxc6 11.Qf3 Re8 12.Rfe1 g5 13.Bg3 Bg4 14.Qd3 Nh5 15.
h3 Be6 16.Bh2 Rb8 17.Bb3 Re7 18.Qa6 c5 19.Qe2 Nf6 20.Rad1 Nd7 21.h4 gxh4 
22.Bf4 Ne5 23.Qd2 c4 24.Ba4 Kh7 25.Bxe5 Bxe5 26.f4 Bh8 27.f5 Bd7 28.Bxd7 
Qxd7 29.Nd5 Ree8 30.c3 Rg8 31.Re3 Be5 32.Rh3 Rg4 33.Re1 Rbg8 34.Re2 c6 35.
Ne3 Rxe4 36.Nxc4 Qxf5 37.Rxe4 Qxe4 38.Nxe5 dxe5 39.Qf2 Qg6 40.Rxh4 e4 41.
Rf4 Rg7 42.Kf1 e3 43.Qxe3 Qxg2+ 0-1

[Event "49th POL-ch (w)"]
[Site "Cisna POL"]
[Date "1997.??.??"]
[Round "5"]
[White "Dworakowska, Joanna"]
[Black "Szczygiel, Agnieszka"]
[Result "1/2-1/2"]
[WhiteElo "2285"]
[BlackElo "2085"]
[EventDate "1997.03.06"]
[PlyCount "97"]

1.e4 e5 2.Nf3 Nc6 3.Bb5 g6 4.c3 a6 5.Ba4 d6 6.d4 Bd7 7.O-O Bg7 8.Re1 b5 9.
Bb3 Nf6 10.dxe5 Nxe5 11.Bf4 Qe7 12.Bc2 O-O 13.Nbd2 Rfe8 14.h3 Bc6 15.Nxe5 
dxe5 16.Be3 Rad8 17.Qe2 Nh5 18.Qf1 Nf4 19.Rad1 Ne6 20.b4 Ba8 21.Nb3 Qf6 
22.f3 Bb7 23.a4 Nf4 24.axb5 axb5 25.Rxd8 Rxd8 26.Rd1 Rxd1 27.Bxd1 Bh6 28.
Bc5 Qg5 29.g4 Qh4 30.Kh2 Bc6 31.Bf2 Qd8 32.Nc5 Qd2 33.Qe1 Qb2 34.Kg3 Bg5 
35.Qf1 Qxc3 36.Be1 Qd4 37.Bb3 h5 38.Qf2 Ne2+ 39.Kg2 Nf4+ 40.Kg3 Ne2+ 41.
Kg2 Qxf2+ 42.Bxf2 Nf4+ 43.Kg3 hxg4 44.hxg4 Be7 45.Be3 g5 46.Kf2 Kf8 47.Bc2
Ke8 48.Bd2 Bxc5+ 49.bxc5 1/2-1/2

[Event "49th POL-ch (w)"]
[Site "Cisna POL"]
[Date "1997.??.??"]
[Round "5"]
[White "Radziewicz, Iweta"]
[Black "Bartosik-Wisniewska, Olimpia"]
[Result "1-0"]
[WhiteElo "2220"]
[BlackElo "2130"]
[EventDate "1997.03.06"]
[PlyCount "115"]

1.d4 d5 2.Nf3 Nf6 3.c4 c6 4.e3 e6 5.Nc3 Nbd7 6.Be2 Bd6 7.O-O O-O 8.b3 Qe7 
9.Bb2 Ne4 10.Nxe4 dxe4 11.Nd2 f5 12.f4 exf3 13.Rxf3 Nf6 14.Bd3 Ng4 15.Nf1 
e5 16.c5 Bc7 17.dxe5 Bxe5 18.Bd4 Qf6 19.Bc4+ Be6 20.h3 Nh6 21.Bxe5 Qxe5 
22.Qd4 Qf6 23.Rd1 Bxc4 24.Qxc4+ Qf7 25.Qh4 Qf6 26.Qb4 Qe7 27.Rf4 Rad8 28.
Rfd4 Nf7 29.Qc4 g6 30.Rd6 b5 31.Qd4 Nxd6 32.cxd6 Qf6 33.Qc5 Rd7 34.Qxc6 
Rfd8 35.Qd5+ Kg7 36.Qxb5 Rxd6 37.Rc1 R6d7 38.a4 f4 39.Rc6 Rd6 40.Rc7+ Kh6 
41.Qb7 fxe3 42.Rxh7+ Kg5 43.h4+ Kg4 44.Qe4+ Qf4 45.Nxe3+ Kg3 46.Nf1+ Qxf1+
47.Kxf1 Rd1+ 48.Ke2 R8d2+ 49.Ke3 Re1+ 50.Kxd2 Rxe4 51.Rxa7 Kxh4 52.a5 g5 
53.a6 Kg3 54.Rg7 g4 55.a7 Re8 56.b4 Kxg2 57.Rxg4+ Kf3 58.Rd4 1-0

[Event "49th POL-ch (w)"]
[Site "Cisna POL"]
[Date "1997.??.??"]
[Round "6"]
[White "Blimke, Dalia"]
[Black "Iwaniuk, Dorota"]
[Result "0-1"]
[WhiteElo "2105"]
[BlackElo "2160"]
[EventDate "1997.03.06"]
[PlyCount "112"]

1.e4 c5 2.Nf3 d6 3.Bb5+ Nc6 4.O-O Bd7 5.c3 Nf6 6.Re1 a6 7.Ba4 c4 8.d4 cxd3
9.Qxd3 g6 10.Nbd2 Bg7 11.Bc2 O-O 12.Nf1 Rc8 13.Bg5 Qa5 14.Ne3 Ne5 15.Nxe5 
Qxe5 16.f4 Qc5 17.Kh1 Bb5 18.Qd2 Bc6 19.Nd5 Bxd5 20.Bxf6 Bxf6 21.exd5 b5 
22.Be4 Rb8 23.Rac1 Rfc8 24.Bf3 a5 25.a3 Qb6 26.g3 Rc5 27.g4 Qc7 28.g5 Bg7 
29.Qe3 Kf8 30.h4 b4 31.axb4 axb4 32.cxb4 Rxb4 33.b3 Rxb3 34.Qxb3 Rxc1 35.
Rxc1 Qxc1+ 36.Kg2 Bd4 37.Qd1 Qxf4 38.Qe1 Be5 39.Qh1 Qg3+ 40.Kf1 Bd4 41.Ke2
Qf2+ 42.Kd3 Qe3+ 43.Kc2 Qc3+ 44.Kd1 Qd3+ 45.Ke1 Qe3+ 46.Kd1 Bc3 47.Kc2 
Qd2+ 48.Kb3 Bd4 49.Be4 Qc3+ 50.Ka4 Qa1+ 51.Qxa1 Bxa1 52.h5 Be5 53.hxg6 
hxg6 54.Kb5 Bf4 55.Kc6 Bxg5 56.Kd7 f5 0-1